ბათუმის შოთა რუსთაველის სახელმწიფო უნივერსიტეტის ბიბლიოთეკა

Химизация сельского хозяйства (ბიბ.ჩანაწერი № 46355)

000 -LEADER
fixed length control field 00703nam a2200217Ia 4500
001 - CONTROL NUMBER
control field 13191
003 - CONTROL NUMBER IDENTIFIER
control field GE_BSU
008 - FIXED-LENGTH DATA ELEMENTS--GENERAL INFORMATION
fixed length control field 181216s||||||||xx |||||||||||||| ||und||
040 ## - CATALOGING SOURCE
Transcribing agency GE_BSU
080 ## - UNIVERSAL DECIMAL CLASSIFICATION NUMBER
Universal Decimal Classification number 63
245 ## - TITLE STATEMENT
Title Химизация сельского хозяйства
245 ## - TITLE STATEMENT
Remainder of title Научно-технический словарь справочник
245 ## - TITLE STATEMENT
Statement of responsibility, etc. Под.общ.ред.Л.Л.Балашева, С.И.Вольфковича
250 ## - EDITION STATEMENT
Edition statement 2-ое дополн.и перераб.
260 ## - PUBLICATION, DISTRIBUTION, ETC.
Place of publication, distribution, etc. Москва
260 ## - PUBLICATION, DISTRIBUTION, ETC.
Name of publisher, distributor, etc. Наука
260 ## - PUBLICATION, DISTRIBUTION, ETC.
Date of publication, distribution, etc. 1968
300 ## - PHYSICAL DESCRIPTION
Extent 356стр.илл.20см.
653 ## - INDEX TERM--UNCONTROLLED
Uncontrolled term Химизация сельского хозяйства
942 ## - ADDED ENTRY ELEMENTS (KOHA)
Koha item type წიგნი
ეგზემპლარები
Withdrawn status Lost status Damaged status Not for loan Date acquired Barcode Date last seen Price effective from Koha item type
        2018-12-17 20863 2018-12-17 2018-12-17 წიგნი
        2018-12-17 20864 2018-12-17 2018-12-17 წიგნი